000 00707nam a2200193 i 4500
001 28481
003 ES-MaACL
005 20230906153849.0
007 t|
008 030117s1900 sp ||||1| spa d
080 _a378.5(460.156 V.)(060.55)
110 2 _aInstituto Provincial de Segunda Enseñanza de Vitoria.
_9134539
245 1 0 _aMemoria acerca del estado del Instituto de Vitoria durante el curso... /
_cFederico Baráibar y Zumárraga.
260 _aVitoria :
_b[s.n.,
_c1900] (
_fEgaña)
300 _a65 p. ;
_c23 cm.
610 2 4 _aInstituto Provincial de Segunda Enseñanza de Vitoria-
_xMemorias.
_9145013
700 1 _aBaráibar y Zumárraga, Federico.
_925291
852 _aES-MaACL
_jT-933-F-3
999 _c28481
_d28481